Introduction to numerical analysis / (Record no. 193396)
[ view plain ]
| 000 -LEADER | |
|---|---|
| fixed length control field | 01126nam a2200193 4500 |
| 003 - CONTROL NUMBER IDENTIFIER | |
| control field | Nust |
| 005 - DATE AND TIME OF LATEST TRANSACTION | |
| control field | 20230706130706.0 |
| 010 ## - LIBRARY OF CONGRESS CONTROL NUMBER | |
| LC control number | 7379592 |
| 040 ## - CATALOGING SOURCE | |
| Transcribing agency | Nust |
| 082 ## - DEWEY DECIMAL CLASSIFICATION NUMBER | |
| Classification number | 515,FRO |
| 100 ## - MAIN ENTRY--PERSONAL NAME | |
| Personal name | Froberg, Carl-Erik |
| 9 (RLIN) | 113428 |
| 245 ## - TITLE STATEMENT | |
| Title | Introduction to numerical analysis / |
| Statement of responsibility, etc. | Carl-Erik Froberg |
| 250 ## - EDITION STATEMENT | |
| Edition statement | 2nd ed. |
| -- | 2nd ed. |
| 260 ## - PUBLICATION, DISTRIBUTION, ETC. | |
| Place of publication, distribution, etc. | London |
| -- | London |
| Name of publisher, distributor, etc. | Addison-Wesley |
| -- | Addison-Wesley |
| Date of publication, distribution, etc. | 1969 |
| -- | 1969 |
| 300 ## - PHYSICAL DESCRIPTION | |
| Extent | 433 p. |
| -- | 433 p. |
| 505 ## - FORMATTED CONTENTS NOTE | |
| Formatted contents note | 1.Numerical computations (Page-1), Equations (Page-17), Matrices (Page-47), Linear systems of equations (Page-81), Matrix inversion (Page-103), Algebraic eigenvalue-problems (Page-113), Linear operators (Page-147), Interpolation (Page-164), Numerical differentiation (Page-185), Numerical quadrature (Page-195), Summation (Page-224), Multiple integrals (Page-250), .Ordinary differential equations (Page-260), Partial differential equations (Page-294), Integral equations (Page-320), Approximation (Page-335), Special functions (Page-359), The monte Carlo method (Page-384), .Linear programming (Page-394). |
| 650 ## - SUBJECT ADDED ENTRY--TOPICAL TERM | |
| Topical term or geographic name entry element | Calculus |
| -- | Calculus |
| 9 (RLIN) | 113429 |
| 942 ## - ADDED ENTRY ELEMENTS (KOHA) | |
| Source of classification or shelving scheme | |
| Koha item type | Book |
| Call number prefix | 515,FRO |
| Withdrawn status | Lost status | Source of classification or shelving scheme | Damaged status | Not for loan | Permanent Location | Current Location | Shelving location | Date acquired | Full call number | Barcode | Date last seen | Price effective from | Koha item type | Public note |
|---|---|---|---|---|---|---|---|---|---|---|---|---|---|---|
| Military College of Signals (MCS) | Military College of Signals (MCS) | General Stacks | 07/06/2023 | 515,FRO | MCS7590 | 07/06/2023 | 07/06/2023 | Book | Almirah No.82, Shelf No.3 |
